000 00304nam a22001337a 4500
008 180926b xxu||||| |||| 00| 0 eng d
020 _a9781405163095
041 _aeng
080 _26th
_a338
100 _a53
101 _aMEN
245 _aContemporary strategy analysis
_cGrant,R.M
942 _2udc
_cBK
999 _c48478
_d48478